Probabilidad y estadística para ingenieros

שמור ב:
מידע ביבליוגרפי
Main Authors: Walpole, Ronald E (Author), Myers, Sharon L (Author)
מחברים אחרים: Myers, Raymond H. (autor)
פורמט: ספר
שפה:ספרדית
יצא לאור: Ciudad de México Prentice-Hall Hispanoamericana 1999
מהדורה:1a. ed
נושאים:
תגים: הוספת תג
אין תגיות, היה/י הראשונ/ה לתייג את הרשומה!

MARC

LEADER 00000nam a2200000 a 4500
001 UCL6987
003 CL-VaPUC
008 040423e19990000MX |||||||||||||||||spa|d
020 |a 9701702646 
082 0 4 |a 519.5  |b WAL  |2 21 
100 0 |a Walpole, Ronald E  |e author  |9 484679 
700 |a Myers, Raymond H.  |e autor  |9 322076 
700 0 |a Myers, Sharon L  |e author  |9 484681 
245 1 0 |a Probabilidad y estadística para ingenieros 
250 |a 1a. ed 
300 |a 739 p 
942 |c BK 
945 |d 20040423 00:00:00  |a cmena 
260 |a Ciudad de México  |b Prentice-Hall Hispanoamericana  |c 1999 
650 0 |a Estadística descriptiva  |9 366209 
650 0 |a Métodos estadísticos   |9 259407 
650 0 |a Estadística matemática  |9 260028 
650 0 |a Estadística aplicada  |9 270522 
650 0 |a Modelos matemáticos   |9 259437 
650 0 |a Ingeniería   |9 259380 
583 |a last modification  |c 20040423 00:00:00  |k Rodrigo Vera 
999 |c 308860  |d 308858 
952 |0 0  |1 0  |4 0  |6 519_500000000000000_WAL_1999  |7 0  |8 A  |9 375766  |a BIBING  |b BIBING  |d 2019-11-21  |i 4011201  |o 519.5 WAL 1999  |p 4011201  |r 2025-01-20  |w 2019-11-21  |y BK  |k TRA 
952 |0 0  |1 0  |4 0  |6 519_500000000000000_WAL_1999  |7 0  |8 A  |9 375767  |a BIBING  |b BIBING  |d 2019-11-21  |i 401121K  |l 1  |o 519.5 WAL 1999  |p 401121K  |r 2025-01-20  |s 2023-08-11  |w 2019-11-21  |y BK  |k TRA 
952 |0 0  |1 0  |4 0  |6 519_500000000000000_WAL_1999  |7 0  |8 A  |9 375768  |a BIBING  |b BIBING  |d 2019-11-21  |i 4011228  |l 2  |o 519.5 WAL 1999  |p 4011228  |r 2025-01-20  |s 2023-11-30  |w 2019-11-21  |y BK  |k TRA 
952 |0 0  |1 0  |4 0  |6 519_500000000000000_WAL_1999  |7 0  |8 A  |9 375769  |a BIBGIM  |b BIBGIM  |d 2019-11-21  |i 4229762  |o 519.5 WAL 1999  |p 4229762  |r 2025-01-15  |w 2019-11-21  |y BK  |k EST